00302pab a2200121 454500008004000000100003000040245004500070260000900115300001500124362000800139650001800147773001500165180718b2015 xxu||||| |||| 00| 0 eng d aGussen, Benjamen Franklen aThe state is the fiduciary of the people c2015 ap.440-457. aJul aLegal systems aPublic Law